La economía de la turbulencia global : (Registro nro. 5831)
[ vista simple ]
| 000 -LEADER | |
|---|---|
| fixed length control field | 01243nam a2200277Ia 4500 |
| 003 - CONTROL NUMBER IDENTIFIER | |
| control field | OSt |
| 005 - DATE AND TIME OF LATEST TRANSACTION | |
| control field | 20200710065313.0 |
| 008 - FIXED-LENGTH DATA ELEMENTS--GENERAL INFORMATION | |
| fixed length control field | 191128s2009 sp ad fr 000 0 spa d |
| 020 ## - INTERNATIONAL STANDARD BOOK NUMBER | |
| International Standard Book Number | 9788446024750 |
| 040 ## - CATALOGING SOURCE | |
| Original cataloging agency | CO-JMCR |
| Transcribing agency | CO-JMCR |
| 041 1# - LANGUAGE CODE | |
| Language code of text/sound track or separate title | spa |
| Language code of original | eng |
| 082 04 - DEWEY DECIMAL CLASSIFICATION NUMBER | |
| Classification number | 337 / |
| Item number | B725e |
| Edition number | 23 |
| 100 1# - MAIN ENTRY--PERSONAL NAME | |
| Personal name | Brenner, Robert, |
| Relator term | autor |
| 9 (RLIN) | 6961 |
| 245 13 - TITLE STATEMENT | |
| Title | La economía de la turbulencia global : |
| Remainder of title | las economías capitalistas avanzadas de la larga expansión al largo declive, 1945-2005 / |
| Statement of responsibility, etc. | Robert Brenner ; traducción de Juanmari Madariaga |
| 260 ## - PUBLICATION, DISTRIBUTION, ETC. | |
| Place of publication, distribution, etc. | Madrid : |
| Name of publisher, distributor, etc. | Ediciones Akal, |
| Date of publication, distribution, etc. | 2009 |
| 300 ## - PHYSICAL DESCRIPTION | |
| Extent | 568 páginas : |
| Other physical details | gráficos a blanco y negro ; |
| Dimensions | 23 cm. |
| 490 0# - SERIES STATEMENT | |
| Series statement | Cuestiones de antagonismo |
| 505 0# - FORMATTED CONTENTS NOTE | |
| Formatted contents note | La trayectoria de la tasa de beneficios -- La larga expansión -- De la expansión al declive -- El largo declive -- ¿Una nueva época de prosperidad? |
| 534 ## - ORIGINAL VERSION NOTE | |
| Introductory phrase | The economics of global trtbulence, the advanced capitalist economies from long boom to long downturn, 1945-2005 |
| 546 ## - LANGUAGE NOTE | |
| Language note | Traducido del inglés |
| 650 14 - SUBJECT ADDED ENTRY--TOPICAL TERM | |
| Topical term or geographic name entry element | Capitalismo |
| 9 (RLIN) | 6962 |
| 650 14 - SUBJECT ADDED ENTRY--TOPICAL TERM | |
| Topical term or geographic name entry element | Economía internacional |
| 9 (RLIN) | 6963 |
| 650 14 - SUBJECT ADDED ENTRY--TOPICAL TERM | |
| Topical term or geographic name entry element | Relaciones económicas internacionales |
| 9 (RLIN) | 5216 |
| 700 1# - ADDED ENTRY--PERSONAL NAME | |
| Personal name | Madariaga, Juanmari, |
| Relator term | traductor |
| 9 (RLIN) | 6964 |
| 942 ## - ADDED ENTRY ELEMENTS (KOHA) | |
| Source of classification or shelving scheme | Dewey Decimal Classification |
| Koha item type | Books |
| Withdrawn status | Lost status | Source of classification or shelving scheme | Damaged status | Not for loan | Collection code | Home library | Current library | Date acquired | Source of acquisition | Full call number | Barcode | Date last seen | Copy number | Koha item type | Total Checkouts | Price effective from |
|---|---|---|---|---|---|---|---|---|---|---|---|---|---|---|---|---|
| Dewey Decimal Classification | Non-fiction | Biblioteca Pública José María del Castillo y Rada | Biblioteca Pública José María del Castillo y Rada | 04/15/2018 | Donación | 337 / B725e | 430005058 | 05/16/2024 | Ej.1 | Books | ||||||
| Dewey Decimal Classification | Biblioteca Pública José María del Castillo y Rada | Biblioteca Pública José María del Castillo y Rada | 12/09/2022 | 337 / B725e | 430005057 | 05/16/2024 | Ej.2 | Books | 12/09/2022 |